| 000 | 01199nam0a2200313 4500 | ||
|---|---|---|---|
| 001 | RU\NLR\ONL2\5940 | ||
| 005 | 20250613125832.0 | ||
| 010 |
_a5-901834-19-4 _9118 |
||
| 035 | _a(NLR Aleph) 009653538 | ||
| 090 |
_a9580430 _c9580430 |
||
| 100 | _a20061003d2004 |||y0rusy50 ca | ||
| 101 | 0 |
_abak _arus |
|
| 102 | _aRU | ||
| 105 | _aa ||||||||| | ||
| 200 | 1 |
_aУныштарга инеш _eФ.-эзлэнеу эштэр _fКумертау kалаhы хакимиэтенен мэгариф бул., 3-сө башkорт республика гимназия-интернаты _g[Сыг. өсөн яуап.: Р. М. Ногоманов] |
|
| 210 |
_aКумертау _cБ. и. _d2004 |
||
| 215 |
_a147 б. _cил., фот. _d21 |
||
| 300 | _aТекст башк., рус. | ||
| 541 | 1 |
_aПервые успехи. _zrus |
|
| 606 | 0 |
_aПедагогика _yБашкортостан, Республика _92265625 _3RU\NLR\auth\661358193 |
|
| 686 | 1 | _aЧ421.22 | |
| 702 | 1 |
_aНогоманов _bР. М. _4540 |
|
| 801 | 0 |
_aRU _bNLR _c20061003 _gPSBO |
|
| 852 |
_aNLR _bОНЛ _jБашк./3-4800 |
||
| 942 | _cBOOK | ||
| 980 | _aNB | ||
| 980 | _aONL_RF | ||